[Event "FIDE World Blitz-ch Women 2018"]
[Site "St. Petersburg"]
[Date "2018.12.29"]
[Round "6.1"]
[White "Lagno, Kateryna"]
[Black "Gunina, Valentina"]
[Result "1/2-1/2"]
[WhiteElo "2560"]
[BlackElo "2496"]
[Annotator "ChessBase"]
[PlyCount "88"]
[EventDate "2018.12.19"]
[EventType "swiss"]
[EventCountry "RUS"]
[SourceTitle "playchess.com"]
[Source "ChessBase"]
[SourceQuality "1"]

1. e4 c6 2. Nc3 d5 3. Nf3 Bg4 4. h3 Bxf3 5. Qxf3 Nf6 6. Be2 e6 7. O-O Nbd7 8. d4 dxe4 9. Nxe4 Nxe4 10. Qxe4 Nf6 11. Qd3 Bd6 12. Bf3 O-O 13. g3 Qc7 14. Bg2 Rad8 15. c3 Rfe8 16. Bg5 h6 17. Bxf6 gxf6 18. Qe3 Kg7 19. Rad1 f5 20. Qf3 a5 21. Rfe1 Qe7 22. a3 Qf6 23. b4 axb4 24. axb4 Re7 25. Rb1 Ra8 26. Ra1 Rxa1 27. Rxa1 f4 28. gxf4 Qxf4 29. Qxf4 Bxf4 30. Kf1 Kf6 31. Ke2 e5 32. d5 e4 33. dxc6 bxc6 34. Ra6 Re6 35. c4 Ke5 36. b5 cxb5 37. Rxe6+ Kxe6 38. cxb5 f5 39. h4 Bc7 40. h5 Bb6 41. Bh3 Ke5 42. f3 exf3+ 43. Kxf3 Bc5 44. Bf1 Bb6 1/2-1/2

[Event "FIDE World Blitz-ch Women 2018"]
[Site "St. Petersburg"]
[Date "2018.12.29"]
[Round "6.2"]
[White "Ju, Wenjun"]
[Black "Koneru, Humpy"]
[Result "1/2-1/2"]
[WhiteElo "2575"]
[BlackElo "2541"]
[Annotator "TA"]
[PlyCount "52"]
[EventDate "2018.12.19"]
[EventType "swiss"]
[EventCountry "RUS"]
[SourceTitle "playchess.com"]
[Source "ChessBase"]
[SourceQuality "1"]

1. d4 Nf6 2. c4 e6 3. g3 d5 4. Bg2 Be7 5. Nf3 O-O 6. O-O dxc4 7. Qc2 c6 8. Qxc4 b5 9. Qc2 Bb7 10. Rd1 Nbd7 11. Nc3 Rc8 12. Bg5 a6 13. Ne5 h6 14. Bxf6 Nxf6 15. Ne4 Nxe4 16. Bxe4 Qc7 17. Nd3 Rfd8 18. e3 Bd6 19. Nc5 e5 20. Rac1 exd4 21. exd4 Bxc5 22. Qxc5 Rd6 23. Bf3 Rcd8 24. d5 Qe7 25. Re1 Qf6 26. dxc6 Qxf3 1/2-1/2

[Event "FIDE World Blitz-ch Women 2018"]
[Site "St. Petersburg"]
[Date "2018.12.29"]
[Round "6.4"]
[White "Vega Gutierrez, Sabrina"]
[Black "Zhao, Xue"]
[Result "1/2-1/2"]
[WhiteElo "2390"]
[BlackElo "2485"]
[Annotator "ChessBase"]
[PlyCount "123"]
[EventDate "2018.12.19"]
[EventType "swiss"]
[EventCountry "RUS"]
[SourceTitle "playchess.com"]
[Source "ChessBase"]
[SourceQuality "1"]

1. e4 Nf6 2. e5 Nd5 3. c4 Nb6 4. d4 d6 5. exd6 exd6 6. Nc3 Be7 7. Bd3 Nc6 8. Nge2 Bg4 9. f3 Bh5 10. O-O Bg6 11. Nf4 Bxd3 12. Qxd3 O-O 13. Nfd5 Bf6 14. Be3 Re8 15. Bf2 Bg5 16. Rfe1 Qd7 17. f4 Bh6 18. f5 Nxd5 19. Nxd5 Ne7 20. Nxe7+ Rxe7 21. Bh4 Rxe1+ 22. Rxe1 Re8 23. Re4 c6 24. Qe2 Rxe4 25. Qxe4 a6 26. Bg3 Bg5 27. d5 c5 28. h3 Bf6 29. b3 Be7 30. Kh2 g6 31. fxg6 hxg6 32. Bh4 Bxh4 33. Qxh4 Kg7 34. Qf4 Qe7 35. a4 Qf6 36. Kg3 Qc3+ 37. Qf3 Qe1+ 38. Kh2 Qe5+ 39. Kg1 Qd4+ 40. Kh2 Qe5+ 41. Kg1 f5 42. Kf2 Kf6 43. Qe3 g5 44. g3 Qb2+ 45. Kg1 Qa1+ 46. Kg2 Qb2+ 47. Kg1 Qe5 48. Kf2 b6 49. Ke2 Qb2+ 50. Kf1 Qe5 51. Kf2 Qb2+ 52. Kg1 Qa1+ 53. Kg2 Qe5 54. Kf2 Qb2+ 55. Kg1 Qa1+ 56. Kg2 Qa2+ 57. Kg1 Qb1+ 58. Kf2 Qb2+ 59. Kg1 Qd4 60. Kf2 Qe5 61. Ke2 Qb2+ 62. Kf1 1/2-1/2

[Event "FIDE World Blitz-ch Women 2018"]
[Site "St. Petersburg"]
[Date "2018.12.29"]
[Round "6.5"]
[White "Tan, Zhongyi"]
[Black "Khademalsharieh, Sarasadat"]
[Result "0-1"]
[WhiteElo "2508"]
[BlackElo "2470"]
[Annotator "ChessBase"]
[PlyCount "102"]
[EventDate "2018.12.19"]
[EventType "swiss"]
[EventCountry "RUS"]
[SourceTitle "playchess.com"]
[Source "ChessBase"]
[SourceQuality "1"]

1. d4 d5 2. c4 e6 3. Nc3 Bb4 4. cxd5 exd5 5. Bf4 Nf6 6. e3 O-O 7. Nf3 Ne4 8. Qb3 c5 9. dxc5 Qa5 10. Rc1 Qxc5 11. Be2 Bxc3+ 12. bxc3 Nc6 13. O-O b6 14. Rfd1 Be6 15. Nd4 Na5 16. Qb4 Rfc8 17. Qxc5 Rxc5 18. Nxe6 fxe6 19. Be5 Rac8 20. Ba6 R8c6 21. f3 Nxc3 22. Bxc3 Rxc3 23. Rxc3 Rxc3 24. e4 Rc5 25. Bd3 h6 26. h4 Kf7 27. h5 Nc6 28. exd5 Rxd5 29. Bg6+ Kf6 30. Rc1 Ne7 31. Be4 Rxh5 32. Kf2 Ra5 33. Rc2 Nd5 34. g4 Nb4 35. Rc7 Rxa2+ 36. Kg3 Nd5 37. Rc8 g5 38. Bxd5 exd5 39. Rc6+ Kg7 40. Rd6 Rd2 41. Rd7+ Kf6 42. Rxa7 b5 43. Ra6+ Ke5 44. Rxh6 b4 45. Rg6 b3 46. Rxg5+ Kd4 47. Rg8 b2 48. Rb8 Kc3 49. g5 Rd1 50. Kf4 Rd4+ 51. Ke5 Rb4 0-1

[Event "FIDE World Blitz-ch Women 2018"]
[Site "St. Petersburg"]
[Date "2018.12.29"]
[Round "6.6"]
[White "Lei, Tingjie"]
[Black "Gevorgyan, Maria"]
[Result "1-0"]
[WhiteElo "2453"]
[BlackElo "2228"]
[Annotator "ChessBase"]
[PlyCount "84"]
[EventDate "2018.12.19"]
[EventType "swiss"]
[EventCountry "RUS"]
[SourceTitle "playchess.com"]
[Source "ChessBase"]
[SourceQuality "1"]

1. e4 e5 2. Nf3 Nf6 3. Nxe5 d6 4. Nf3 Nxe4 5. d4 d5 6. Bd3 Nc6 7. O-O Be7 8. c4 Nf6 9. Nc3 O-O 10. h3 Nb4 11. Be2 dxc4 12. Bxc4 c6 13. a3 Nbd5 14. Re1 h6 15. Ne5 Be6 16. Bd2 Qb6 17. Ng6 Bd6 18. Nxf8 Rxf8 19. Bxd5 cxd5 20. Qf3 Qxb2 21. Ra2 Qb3 22. Qd3 Qb6 23. Rb1 Qc6 24. Qb5 Qc8 25. Qxb7 Qc4 26. Qxa7 Ne4 27. Qa4 Qd3 28. Qc2 Qxd4 29. Nxe4 dxe4 30. Bc3 Qc5 31. Bb4 Qd5 32. Rab2 Be5 33. Bxf8 Bxb2 34. Qxb2 Kxf8 35. Qb8+ Ke7 36. Qc7+ Kf6 37. Qf4+ Kg6 38. Kh2 Kh7 39. Rb8 Qd3 40. a4 Qd7 41. a5 Qa7 42. Rb5 Qa8 1-0

[Event "FIDE World Blitz-ch Women 2018"]
[Site "St. Petersburg"]
[Date "2018.12.29"]
[Round "6.7"]
[White "Goryachkina, Aleksandra"]
[Black "Haussernot, Cecile"]
[Result "0-1"]
[WhiteElo "2518"]
[BlackElo "2196"]
[Annotator "TA"]
[PlyCount "74"]
[EventDate "2018.12.19"]
[EventType "swiss"]
[EventCountry "RUS"]
[SourceTitle "playchess.com"]
[Source "ChessBase"]
[SourceQuality "1"]

1. d4 Nf6 2. c4 e6 3. g3 d5 4. Bg2 dxc4 5. Nf3 c6 6. O-O Be7 7. Ne5 O-O 8. Nxc4 Nd5 9. Nc3 Nb6 10. Ne5 N8d7 11. Nd3 Bf6 12. e3 Qe7 13. Ne4 Rd8 14. Nxf6+ Nxf6 15. Qc2 a5 16. b3 a4 17. Bb2 a3 18. Bc3 Nbd5 19. Rac1 b6 20. Bd2 Ba6 21. Rfe1 Rac8 22. e4 Bxd3 23. Qxd3 Nb4 24. Qb1 Rxd4 25. Be3 Rd7 26. Red1 c5 27. Bg5 Rxd1+ 28. Rxd1 h6 29. Bd2 Nc6 30. Bc3 e5 31. Qc1 Ra8 32. Qe3 Nd4 33. f4 Ng4 34. Qe1 Rd8 35. h3 Nf6 36. f5 Qd7 37. g4 Ne2+ 0-1

[Event "FIDE World Blitz-ch Women 2018"]
[Site "St. Petersburg"]
[Date "2018.12.29"]
[Round "6.8"]
[White "Guichard, Pauline"]
[Black "Muzychuk, Anna"]
[Result "0-1"]
[WhiteElo "2378"]
[BlackElo "2569"]
[Annotator "ChessBase"]
[PlyCount "66"]
[EventDate "2018.12.19"]
[EventType "swiss"]
[EventCountry "RUS"]
[SourceTitle "playchess.com"]
[Source "ChessBase"]
[SourceQuality "1"]

1. d4 f5 2. g3 Nf6 3. Bg2 g6 4. b4 Bg7 5. Bb2 O-O 6. Nd2 d6 7. Ngf3 c6 8. O-O Nbd7 9. Ng5 Nb6 10. c4 h6 11. Ngf3 Ne4 12. Qc2 Nxd2 13. Nxd2 e5 14. dxe5 dxe5 15. c5 Nd5 16. e4 fxe4 17. Nxe4 Nxb4 18. Qb3+ Nd5 19. Nd6 Qe7 20. Rab1 Rb8 21. Rfe1 Bf5 22. Be4 Bxe4 23. Rxe4 b6 24. Ba3 Qf6 25. Rf1 bxc5 26. Qc4 Qxd6 27. Bxc5 Qf6 28. Bxf8 Rxf8 29. Qc5 Rf7 30. Ra4 Bf8 31. Qc4 Kh7 32. Ra6 Nb6 33. Qe4 Bc5 0-1

[Event "FIDE World Blitz-ch Women 2018"]
[Site "St. Petersburg"]
[Date "2018.12.29"]
[Round "6.9"]
[White "Gaponenko, Inna"]
[Black "Harika, Dronavalli"]
[Result "0-1"]
[WhiteElo "2420"]
[BlackElo "2494"]
[Annotator "TA"]
[PlyCount "55"]
[EventDate "2018.12.19"]
[EventType "swiss"]
[EventCountry "RUS"]
[SourceTitle "playchess.com"]
[Source "ChessBase"]
[SourceQuality "1"]

1. e4 e6 2. d4 d5 3. exd5 exd5 4. Nf3 Nf6 5. c4 Bb4+ 6. Nc3 O-O 7. Bd3 dxc4 8. Bxc4 Bg4 9. Be3 Nc6 10. O-O Rb8 11. Be2 Nd5 12. h3 Bxc3 13. hxg4 Bxb2 14. Rb1 Ba3 15. Qd3 Be7 16. Bd2 Qd6 17. Bd1 Qg6 18. Qb3 Rfd8 19. g5 Bd6 20. Re1 Bf4 21. Bc2 Qh5 22. Qd3 Bxd2 23. Qxd2 Nce7 24. Ne5 Ng6 25. Nf3 Qg4 26. Be4 Ndf4 27. g3 Ne6 28. d5 0-1

[Event "FIDE World Blitz-ch Women 2018"]
[Site "St. Petersburg"]
[Date "2018.12.29"]
[Round "6.10"]
[White "Shuvalova, Polina"]
[Black "Michna, Marta"]
[Result "1-0"]
[WhiteElo "2441"]
[BlackElo "2333"]
[Annotator "NA"]
[PlyCount "135"]
[EventDate "2018.12.19"]
[EventType "swiss"]
[EventCountry "RUS"]
[SourceTitle "playchess.com"]
[Source "ChessBase"]
[SourceQuality "1"]

1. e4 d6 2. d4 Nf6 3. Nc3 Nc6 4. Nf3 Bg4 5. Be2 e5 6. d5 Ne7 7. h3 Bd7 8. O-O Ng6 9. Be3 Be7 10. Qd2 O-O 11. Nh2 a6 12. Rad1 b5 13. a3 Rb8 14. Bd3 Nh5 15. Ne2 Qc8 16. Kh1 c6 17. c4 bxc4 18. Bxc4 c5 19. Ng3 Nhf4 20. Nf5 Bxf5 21. exf5 Qxf5 22. Bxa6 Nh4 23. Bxf4 exf4 24. Rfe1 Bf6 25. b4 cxb4 26. axb4 h5 27. Bf1 Be5 28. b5 Qg6 29. Qd3 Qg5 30. Nf3 Nxf3 31. Qxf3 Rbc8 32. Rc1 Qf6 33. Qxh5 Bd4 34. Bd3 g6 35. Qf3 Rxc1 36. Rxc1 Re8 37. Rb1 Rb8 38. Kh2 Qe5 39. Kh1 Bb6 40. Rc1 Qd4 41. Rc2 Qa1+ 42. Kh2 Qd4 43. Re2 Bc5 44. Rc2 Ra8 45. Re2 Kg7 46. Be4 Qf6 47. Qb3 Rb8 48. Bf3 Qd4 49. Rc2 Rb6 50. Ra2 Qe5 51. Qc4 Qf6 52. Re2 Bd4 53. Re8 Bc5 54. Qa2 Qd4 55. Qa8 Qxf2 56. Rg8+ Kf6 57. Qd8+ Ke5 58. Qg5+ Kd4 59. Qxf4+ Kc3 60. Qc1+ Kd4 61. Re8 f5 62. Re2 Qh4 63. Qd2+ Kc4 64. Qc2+ Kb4 65. Qb1+ Kc4 66. Rc2+ Kd4 67. Qa1+ Kd3 68. Qc3# 1-0

[Event "FIDE World Blitz-ch Women 2018"]
[Site "St. Petersburg"]
[Date "2018.12.29"]
[Round "6.11"]
[White "Arabidze, Meri"]
[Black "Ushenina, Anna"]
[Result "1/2-1/2"]
[WhiteElo "2387"]
[BlackElo "2440"]
[Annotator "NA"]
[PlyCount "105"]
[EventDate "2018.12.19"]
[EventType "swiss"]
[EventCountry "RUS"]
[SourceTitle "playchess.com"]
[Source "ChessBase"]
[SourceQuality "1"]

1. Nf3 d5 2. e3 c5 3. b3 a6 4. Bb2 Nc6 5. d4 Nf6 6. a3 cxd4 7. exd4 Bf5 8. Bd3 Bxd3 9. Qxd3 e6 10. Nbd2 Be7 11. O-O O-O 12. Ne5 Nxe5 13. dxe5 Nd7 14. c4 Nc5 15. Qe3 dxc4 16. Nxc4 Qd3 17. Rad1 Qxe3 18. Nxe3 Rfd8 19. b4 Nd3 20. Ba1 Rac8 21. Rd2 Kf8 22. Rfd1 Nf4 23. Rxd8+ Rxd8 24. Rxd8+ Bxd8 25. Kf1 Bc7 26. g3 Ng6 27. f4 b5 28. Bd4 Ke8 29. Ke2 Ne7 30. Kd3 h5 31. Ng2 Kd7 32. Ne1 Nd5 33. Nf3 Bd8 34. Nd2 a5 35. bxa5 Bxa5 36. Ne4 h4 37. Nd6 hxg3 38. hxg3 Be1 39. g4 Nxf4+ 40. Ke4 Nd5 41. Nxb5 Bd2 42. a4 f6 43. exf6 gxf6 44. Na3 Bb4 45. Nc4 Be7 46. a5 Nb4 47. Nb6+ Kc6 48. Nc8 Bd8 49. Na7+ Kb7 50. Nb5 f5+ 51. gxf5 exf5+ 52. Kxf5 Bxa5 53. Ke4 1/2-1/2

[Event "FIDE World Blitz-ch Women 2018"]
[Site "St. Petersburg"]
[Date "2018.12.29"]
[Round "6.12"]
[White "Muzychuk, Mariya"]
[Black "Voit, Daria"]
[Result "1-0"]
[WhiteElo "2540"]
[BlackElo "2358"]
[Annotator "ChessBase"]
[PlyCount "121"]
[EventDate "2018.12.19"]
[EventType "swiss"]
[EventCountry "RUS"]
[SourceTitle "playchess.com"]
[Source "ChessBase"]
[SourceQuality "1"]

1. e4 c5 2. Nf3 g6 3. d4 cxd4 4. Nxd4 Nf6 5. Nc3 d6 6. Bc4 Bg7 7. O-O O-O 8. h3 Nc6 9. Be3 Na5 10. Be2 Be6 11. Nxe6 fxe6 12. f4 Qc8 13. e5 Ne8 14. Ne4 dxe5 15. fxe5 Rxf1+ 16. Qxf1 Qxc2 17. Ng5 Qf5 18. Bg4 Qxf1+ 19. Rxf1 Nc7 20. Nxe6 Nxe6 21. Bxe6+ Kh8 22. Rf7 Nc6 23. Bd5 Bxe5 24. Bxc6 bxc6 25. Rxe7 Bxb2 26. Rxa7 Rxa7 27. Bxa7 Ba3 28. Kf2 Kg7 29. Ke3 Kf6 30. Kd4 Ke6 31. Bc5 Bb2+ 32. Kc4 Kd7 33. a4 Kc7 34. a5 Kb7 35. Bb4 Bf6 36. Bd6 Bd8 37. Bb4 Ka6 38. Bc3 Be7 39. g4 Bd6 40. Kd4 Be7 41. Ke5 h5 42. Ke6 Bd8 43. Kd7 Bh4 44. Kxc6 hxg4 45. hxg4 Be7 46. Kd5 Bd8 47. Ke6 Kb5 48. Kf7 g5 49. Bd2 Ka6 50. Kg6 Kb5 51. Kf5 Ka6 52. Bxg5 Bxa5 53. Bf4 Bd8 54. Be5 Kb5 55. Bf6 Bb6 56. g5 Be3 57. g6 Bh6 58. Bg5 Bg7 59. Ke6 Kc4 60. Kf7 Bd4 61. Bf6 1-0

[Event "FIDE World Blitz-ch Women 2018"]
[Site "St. Petersburg"]
[Date "2018.12.29"]
[Round "6.13"]
[White "Drozdova, Dina"]
[Black "Ambartsumova, Karina"]
[Result "1/2-1/2"]
[WhiteElo "2178"]
[BlackElo "2383"]
[Annotator "NA"]
[PlyCount "95"]
[EventDate "2018.12.19"]
[EventType "swiss"]
[EventCountry "RUS"]
[SourceTitle "playchess.com"]
[Source "ChessBase"]
[SourceQuality "1"]

1. d4 Nf6 2. c4 g6 3. Nc3 Bg7 4. e4 d6 5. Nf3 O-O 6. h3 e5 7. d5 a5 8. Be3 Na6 9. Nd2 Nd7 10. g4 Nac5 11. Qf3 Nb6 12. Qg2 Bd7 13. h4 h6 14. Be2 c6 15. h5 g5 16. O-O Qe7 17. Rfc1 Rac8 18. f3 cxd5 19. cxd5 Rc7 20. Nb5 Bxb5 21. Bxb5 Rfc8 22. b3 Nbd7 23. Qf1 Bf8 24. Nc4 Ra8 25. Rc2 Qd8 26. Rac1 Na6 27. Bxd7 Rxd7 28. Nb6 Rb8 29. Nxd7 Qxd7 30. a3 Nc5 31. Bxc5 dxc5 32. a4 Bd6 33. Qb5 Qd8 34. Kg2 b6 35. Qc4 Qe7 36. Qb5 Qd8 37. Kf2 Qe7 38. Ke2 Qf6 39. Kf2 Qf4 40. Kg2 Qf6 41. Qc4 Qe7 42. Qb5 Qf6 43. Qc4 Qe7 44. Qa6 Qf6 45. Qc4 Qe7 46. Qd3 Qf6 47. Qe2 Qe7 48. Qd3 1/2-1/2

[Event "FIDE World Blitz-ch Women 2018"]
[Site "St. Petersburg"]
[Date "2018.12.29"]
[Round "6.14"]
[White "Cramling, Pia"]
[Black "Mammadova, Gulnar"]
[Result "1-0"]
[WhiteElo "2465"]
[BlackElo "2368"]
[Annotator "ChessBase"]
[PlyCount "89"]
[EventDate "2018.12.19"]
[EventType "swiss"]
[EventCountry "RUS"]
[SourceTitle "playchess.com"]
[Source "ChessBase"]
[SourceQuality "1"]

1. d4 e6 2. Nf3 f5 3. g3 Nf6 4. Bg2 g6 5. b3 Bg7 6. Bb2 O-O 7. O-O d6 8. c4 Qe8 9. Nbd2 Nc6 10. Re1 e5 11. e4 f4 12. dxe5 dxe5 13. c5 Nh5 14. b4 Bg4 15. Qb3+ Kh8 16. b5 Nd4 17. Nxd4 exd4 18. e5 Be6 19. Qb4 Qf7 20. Bxd4 Rad8 21. Ne4 f3 22. Bf1 Qe7 23. a3 Rd7 24. Bc3 Bd5 25. Nf6 Rdd8 26. Rad1 Qf7 27. Nxd5 Rxd5 28. Bc4 c6 29. Bxd5 cxd5 30. e6 Qf5 31. Bxg7+ Nxg7 32. e7 Re8 33. Qh4 h5 34. Kh1 g5 35. Qd4 Qh3 36. Rg1 Rxe7 37. Qxd5 Re2 38. Qd8+ Kh7 39. Qd3+ Kh6 40. Qxf3 Re6 41. Rd6 Ne8 42. Qf8+ Ng7 43. Rd7 h4 44. Qxg7+ Kh5 45. Qf7+ 1-0

[Event "FIDE World Blitz-ch Women 2018"]
[Site "St. Petersburg"]
[Date "2018.12.29"]
[Round "6.15"]
[White "Abdumalik, Zhansaya"]
[Black "Protopopova, Anastasiya"]
[Result "1-0"]
[WhiteElo "2470"]
[BlackElo "2304"]
[Annotator "ChessBase"]
[PlyCount "64"]
[EventDate "2018.12.19"]
[EventType "swiss"]
[EventCountry "RUS"]
[SourceTitle "playchess.com"]
[Source "ChessBase"]
[SourceQuality "1"]

1. e4 e5 2. Nf3 Nc6 3. Bb5 a6 4. Ba4 Nf6 5. O-O Be7 6. Re1 b5 7. Bb3 O-O 8. d3 d6 9. a3 Be6 10. c4 Na5 11. Ba2 bxc4 12. Ng5 Bd7 13. dxc4 Nc6 14. Nf3 a5 15. h3 h6 16. Nc3 Be6 17. Nd5 Rb8 18. Rb1 Nd7 19. Qa4 Nd4 20. Nxd4 exd4 21. Qxa5 Bxd5 22. cxd5 Nc5 23. Qd2 Bf6 24. b4 Na4 25. Bb2 Nxb2 26. Rxb2 Re8 27. Rb3 Qd7 28. Rg3 Kh8 29. Bb3 Qb5 30. Rd3 Rb7 31. f4 Ra8 32. Bc2 Re8 1-0

[Event "FIDE World Blitz-ch Women 2018"]
[Site "St. Petersburg"]
[Date "2018.12.29"]
[Round "6.16"]
[White "Mammadzada, Gunay"]
[Black "Dzagnidze, Nana"]
[Result "0-1"]
[WhiteElo "2422"]
[BlackElo "2513"]
[Annotator "ChessBase"]
[PlyCount "82"]
[EventDate "2018.12.19"]
[EventType "swiss"]
[EventCountry "RUS"]
[SourceTitle "playchess.com"]
[Source "ChessBase"]
[SourceQuality "1"]

1. e4 c5 2. Nf3 d6 3. d4 cxd4 4. Nxd4 Nf6 5. Nc3 a6 6. Be3 e5 7. Nb3 Be6 8. Qd2 Nbd7 9. O-O-O Qc7 10. f4 exf4 11. Bxf4 Ne5 12. Nd4 Be7 13. Nf5 Bxf5 14. exf5 O-O 15. Bg5 Rfe8 16. Kb1 b5 17. Bxf6 Bxf6 18. Nd5 Qd8 19. g3 Rc8 20. h4 Nc4 21. Bxc4 Rxc4 22. c3 Be5 23. Rhf1 Rg4 24. Rf3 Qc8 25. Qd3 Qc4 26. Qc2 f6 27. Ne3 Qe4 28. Nxg4 Qxf3 29. Nxe5 dxe5 30. Qb3+ Kh8 31. a4 Qe4+ 32. Ka2 Qxf5 33. a5 Qc8 34. Qf7 Rf8 35. Qe7 Re8 36. Qa7 Qe6+ 37. Kb1 e4 38. Rd7 e3 39. Rxg7 Qe4+ 40. Ka2 e2 41. Rg4 Qxg4 0-1

[Event "FIDE World Blitz-ch Women 2018"]
[Site "St. Petersburg"]
[Date "2018.12.29"]
[Round "6.17"]
[White "Galliamova, Alisa"]
[Black "Sukhareva, Evgeniya"]
[Result "1-0"]
[WhiteElo "2444"]
[BlackElo "2126"]
[Annotator "TA"]
[PlyCount "113"]
[EventDate "2018.12.19"]
[EventType "swiss"]
[EventCountry "RUS"]
[SourceTitle "playchess.com"]
[Source "ChessBase"]
[SourceQuality "1"]

1. Nf3 Nf6 2. g3 b6 3. Bg2 Bb7 4. O-O c5 5. c4 e6 6. d4 cxd4 7. Qxd4 d6 8. Nc3 Be7 9. Rd1 a6 10. Bg5 Nbd7 11. Bxf6 Nxf6 12. Na4 b5 13. cxb5 axb5 14. Nc3 Bc6 15. e4 e5 16. Qe3 Qb8 17. a3 O-O 18. Ne1 Qb7 19. Nc2 Ng4 20. Qe2 Nf6 21. Nb4 Bd7 22. Rac1 Bg4 23. f3 Bd7 24. Bf1 Rab8 25. Ncd5 Nxd5 26. Nxd5 Bd8 27. Kg2 Be6 28. Ne3 Qe7 29. Rc6 Bb6 30. Rcxd6 Bd4 31. Rc6 Qg5 32. Rd3 h5 33. h4 Qe7 34. Qc2 Rfd8 35. Nd1 Bc4 36. Rd2 Qd7 37. Bxc4 bxc4 38. Qxc4 Qe7 39. b4 Ra8 40. Rd3 Qd7 41. Ne3 Rdc8 42. b5 Qe7 43. Nd5 Qf8 44. a4 Rxc6 45. bxc6 Qd6 46. c7 Rc8 47. a5 Kh7 48. Rb3 g5 49. hxg5 Qg6 50. Qc1 Qa6 51. Qd2 Ba7 52. Nf6+ Kg6 53. Nd5 Qc4 54. Ne7+ Kg7 55. Nxc8 Qxb3 56. Nxa7 Qb7 57. c8=Q 1-0

[Event "FIDE World Blitz-ch Women 2018"]
[Site "St. Petersburg"]
[Date "2018.12.29"]
[Round "6.18"]
[White "Nguyen, Thi Mai Hung"]
[Black "Buksa, Nataliya"]
[Result "0-1"]
[WhiteElo "2280"]
[BlackElo "2410"]
[Annotator "NA"]
[PlyCount "86"]
[EventDate "2018.12.19"]
[EventType "swiss"]
[EventCountry "RUS"]
[SourceTitle "playchess.com"]
[Source "ChessBase"]
[SourceQuality "1"]

1. d4 d5 2. c4 e6 3. Nf3 Nf6 4. g3 Bb4+ 5. Bd2 Be7 6. Bg2 O-O 7. O-O c6 8. Qc2 Nbd7 9. b3 a5 10. Rd1 a4 11. Nc3 axb3 12. axb3 Rxa1 13. Rxa1 Qc7 14. Bf4 Bd6 15. Bxd6 Qxd6 16. c5 Qc7 17. b4 e5 18. e3 e4 19. Nd2 h6 20. Qa4 Nh7 21. b5 Ndf6 22. Nb3 Ng5 23. bxc6 bxc6 24. Qa7 Qd8 25. h4 Nf3+ 26. Kf1 Ng4 27. Qb8 Ngh2+ 28. Ke2 Nxd4+ 29. Kd2 Nxb3+ 30. Qxb3 Qf6 31. Ke1 Nf3+ 32. Bxf3 Qxf3 33. Qd1 Qg2 34. Qe2 Bg4 35. Qf1 Qf3 36. Ne2 Qf6 37. Nd4 Qe7 38. Ra5 Qb7 39. Kd2 Qb4+ 40. Kc2 Qxa5 41. Qb1 Qxc5+ 42. Kd2 Qa5+ 43. Kc1 Qe1+ 0-1

[Event "FIDE World Blitz-ch Women 2018"]
[Site "St. Petersburg"]
[Date "2018.12.29"]
[Round "6.19"]
[White "Danielian, Elina"]
[Black "Chernyak, Viktoria"]
[Result "1-0"]
[WhiteElo "2427"]
[BlackElo "2186"]
[Annotator "NA"]
[PlyCount "116"]
[EventDate "2018.12.19"]
[EventType "swiss"]
[EventCountry "RUS"]
[SourceTitle "playchess.com"]
[Source "ChessBase"]
[SourceQuality "1"]

1. Nf3 d5 2. c4 e6 3. e3 Nf6 4. Nc3 Be7 5. b3 b6 6. Bb2 Bb7 7. Be2 O-O 8. O-O c5 9. d4 cxd4 10. Nxd4 dxc4 11. Bxc4 Nc6 12. Nxc6 Bxc6 13. Qe2 Qc7 14. Rac1 Rad8 15. Ba6 Qb8 16. Nb5 Bd5 17. Nd4 Qa8 18. f3 Bb7 19. Bb5 Rc8 20. e4 Rxc1 21. Rxc1 Rc8 22. Rc2 a6 23. Bd3 Rxc2 24. Qxc2 Qc8 25. Qxc8+ Bxc8 26. Nc6 Bc5+ 27. Kf1 Kf8 28. b4 Be3 29. Ke2 Bf4 30. g3 Bc7 31. a4 Bb7 32. Ne5 Bd6 33. Bc3 Ke7 34. Nc4 Bc7 35. Bd4 Nd7 36. Bxg7 f6 37. Bh6 b5 38. axb5 axb5 39. Na3 Ne5 40. Bxb5 Bd6 41. Bd2 Bc8 42. Nc4 Nxc4 43. Bxc4 Bb7 44. b5 Bc5 45. Be3 Bd6 46. Kd3 h5 47. Bf2 f5 48. b6 fxe4+ 49. fxe4 Kf6 50. Bd4+ Kg5 51. Bxe6 h4 52. e5 Be7 53. Bd7 hxg3 54. hxg3 Bb4 55. Be3+ Kg6 56. Kc4 Be1 57. Bf4 Bf2 58. Kb5 Kh5 1-0

[Event "FIDE World Blitz-ch Women 2018"]
[Site "St. Petersburg"]
[Date "2018.12.29"]
[Round "6.20"]
[White "Maletina, Tatiana"]
[Black "Berend, Elvira"]
[Result "1-0"]
[WhiteElo "2270"]
[BlackElo "2332"]
[Annotator "NA"]
[PlyCount "179"]
[EventDate "2018.12.19"]
[EventType "swiss"]
[EventCountry "RUS"]
[SourceTitle "playchess.com"]
[Source "ChessBase"]
[SourceQuality "1"]

1. d4 Nf6 2. Bg5 d5 3. Nd2 h6 4. Bh4 c6 5. e3 Bg4 6. f3 Bf5 7. Bd3 Bxd3 8. cxd3 e6 9. Ne2 Be7 10. O-O O-O 11. Qb3 Qd7 12. e4 Na6 13. Bf2 c5 14. Rac1 dxe4 15. dxe4 cxd4 16. Nxd4 Nc5 17. Qe3 Rac8 18. Nc4 b6 19. b4 Na4 20. a3 Nh7 21. Ne5 Qd6 22. Nec6 Bg5 23. f4 Bxf4 24. Qb3 Bxc1 25. Rxc1 Kh8 26. Qxa4 Ng5 27. Qc2 e5 28. Nf5 Qe6 29. b5 Rc7 30. Qe2 Qb3 31. Ra1 Qa4 32. Nd6 Rd7 33. Nc4 f6 34. Rb1 Ne6 35. h3 Nf4 36. Qa2 Rd1+ 37. Rxd1 Qxd1+ 38. Kh2 Qf1 39. Ne3 Qxb5 40. Ne7 Kh7 41. N7f5 Qd7 42. Qc2 Rc8 43. Qb3 b5 44. Bg3 Ne2 45. Nd5 Nd4 46. Nxd4 exd4 47. Qd3 f5 48. Qxd4 Rd8 49. Qe5 fxe4 50. Qxe4+ Kh8 51. Nf4 Qe8 52. Ng6+ Kh7 53. Ne7+ Kh8 54. Qe6 Kh7 55. Qf5+ Kh8 56. Ng6+ Kg8 57. Nf4 Qf7 58. Qxb5 Rf8 59. Qe5 Re8 60. Qd6 Qf8 61. Qd5+ Qf7 62. Qc5 Qf8 63. Qxa7 Qf7 64. Qc5 Kh7 65. a4 Ra8 66. a5 Qa7 67. Qf5+ Kg8 68. Ng6 Qxa5 69. Qe6+ Kh7 70. Ne5 Qa6 71. Qf5+ Kg8 72. Ng6 Qf6 73. Qd5+ Kh7 74. Nf4 Rf8 75. Qd3+ Qf5 76. Qd6 Rf7 77. Qb4 h5 78. h4 Kh8 79. Qd4 Kh7 80. Nh3 Rd7 81. Ng5+ Kg6 82. Qb6+ Qf6 83. Qb1+ Qf5 84. Qb8 Re7 85. Qd6+ Qf6 86. Qd3+ Qf5 87. Qd8 Qf6 88. Qh8 Kf5 89. Qxh5 Qg6 90. Qf3# 1-0

[Event "FIDE World Blitz-ch Women 2018"]
[Site "St. Petersburg"]
[Date "2018.12.29"]
[Round "6.21"]
[White "Girya, Olga"]
[Black "Styazhkina, Anna"]
[Result "1-0"]
[WhiteElo "2454"]
[BlackElo "2274"]
[Annotator "ChessBase"]
[PlyCount "123"]
[EventDate "2018.12.19"]
[EventType "swiss"]
[EventCountry "RUS"]
[SourceTitle "playchess.com"]
[Source "ChessBase"]
[SourceQuality "1"]

1. d4 d5 2. c4 c6 3. Nc3 Nf6 4. e3 Bf5 5. Nf3 e6 6. Bd3 Bxd3 7. Qxd3 Bd6 8. O-O Nbd7 9. b3 O-O 10. Bb2 Re8 11. Rad1 Qe7 12. g3 Rad8 13. Qc2 dxc4 14. bxc4 e5 15. dxe5 Nxe5 16. Nxe5 Bxe5 17. Qb3 h6 18. Ne2 Bxb2 19. Qxb2 c5 20. Nf4 b6 21. Nd5 Nxd5 22. Rxd5 Qe4 23. Rfd1 Rxd5 24. cxd5 Rd8 25. d6 Qg4 26. Qd2 Rd7 27. Qd5 Kh7 28. Kg2 Qg6 29. e4 Qf6 30. e5 Qf5 31. Rd3 g6 32. Rf3 Qe6 33. Qxe6 fxe6 34. Rf6 Kg7 35. Rxe6 Kf7 36. Rf6+ Kg7 37. Kf3 b5 38. Ke4 c4 39. Rf3 b4 40. Kd4 c3 41. Kd3 a5 42. Kc2 a4 43. Rd3 Kf7 44. Rd4 Ke6 45. Rxb4 Kxe5 46. Rxa4 Rxd6 47. Kxc3 Rf6 48. f4+ Kf5 49. Kd3 Kg4 50. Ke3 Re6+ 51. Kf2 Kh3 52. Ra8 Kxh2 53. Rh8 h5 54. g4 Rf6 55. Kf3 Kg1 56. gxh5 g5 57. Rg8 Rxf4+ 58. Ke3 Ra4 59. Rxg5+ Kh2 60. h6 Rxa2 61. Rh5+ Kg3 62. h7 1-0